000 00779nam a2200301Ia 4500
001 6319
003 12615
005 20250208062728.0
008 ||||||n9999 ||| || ||
041 _aspa
082 _220
_a344
110 _aCentro de Formacion y Perfeccionamiento de Funcionarios. Espaqa
_911108
245 0 _aManual de procedimiento administrativo
260 _aEspaña :
_bCentro de Formacion y Perfeccionamiento de Funcionarios,
_c1960.
300 _a290p
490 _aEstudios administrativos
562 _e1
650 _aESPAÑA
_9577
650 0 _aProcedimiento administrativo
_9114190
942 _cBKM
942 _cBKM
999 _c6319
_d6319
526 _a4969
526 _a19790
526 _a104436
526 _a5144
526 _a51868
526 _a1697